| 000 | 00348 a2200157 4500 | ||
|---|---|---|---|
| 001 | 58876 | ||
| 020 | _a9788535710458 | ||
| 040 | _cAnchieta - Pituba | ||
| 100 | _aDreguer, Ricardo | ||
| 240 | 1 | 0 |
_aNovo história 7º ano _lpor |
| 245 | 1 | 0 | _aNovo história 7º ano |
| 300 | _a224 | ||
| 362 | 0 | _a2009 | |
| 650 | 4 | _aHistória do mundo | |
| 942 | _cBK | ||
| 999 |
_c58876 _d58876 |
||